00867nam a2200181 a 450000100100000000500170001000800410002704000250006808200150009310000290010824500900013726000500022730000200027750001820029704900090047995201800048899900170066800003395720200930070645.0110914s1903 dr 000 0 spa d aDO-SdBNPbspacBNPHU axxxxbC1171 aCabral, Alejandro95942410aConsideraciones acerca del suero antitetánico en Santo Domingo /cAlejandro Cabral. aSanto Domingo :bImp. "Flor del Ozma",c1903. a31 p. ;c23 cm. aTesis para obtar por el título de licenciatura en medicina del Instituto Profesional de Santo Domingo, jurado examinador : Salvador B. Gautier, Ramón Báez, Rodolfo Coiscuo aBNPD 0010718PDaPDbPDcCTd2011-09-14iLF1l0oxxxx C117p33957-10r2020-06-25w2020-06-25yLFPDzPerteneció a la biblioteca personal de Carlos Larrazabal BlancoZNo se presta c33448d33448